01223 2200421 4500001002100000005001500021035002000036007000300056008004100059040002200100082001500122084001700137100002100154245007400175250003400249250002600283300004200309650002200351700002500373700003500398850001200433504003300445264002900478264002900507336002100536337003000557338002300587990002000610990001800630990002000648990001800668990001800686990002000704990002100724990001800745990001800763990002000781INLIS00000000086450420210907103939 a0010-0921000254ta210907s2002 yoia g ind d aYOPDYOGbinderda04223a001.42 a001.42 MAR m0 aMarzukiepenulis10aMetodologi riset /cMarzuki; penyunting, Endah DP, Moh. Zaenal Abidin aCetakan kesembilan: Mei, 2002 aCetakan keempat: 1989 aiv, 129 halaman :bilustrasi ;c23 cm 4aMetode penelitian0 aEndah DPepenyunting0 aMoh. Zaenal Abidinepenyunting aYOPDYOG aBibliografi: halaman 121-12231aYogyakarta :bUII,c200231aYogyakarta :bUII,c1989 2rdacontentateks 2rdamediaatanpa perantara 2rdacarrieravolume a68057-PD/A.2021 a15759-PD/A.06 a68057-PD/A.2021 a15758-PD/A.06 a15759-PD/A.06 a68057-PD/A.2021 aCB-D.11/1983-177 a15758-PD/A.06 a15759-PD/A.06 a68057-PD/A.2021